LEADER 03431nam 22006372 450 001 9910454620403321 005 20160210165616.0 010 $a1-107-19286-2 010 $a0-511-73747-5 010 $a1-282-00172-8 010 $a9786612001727 010 $a0-511-48008-3 010 $a0-511-47769-4 010 $a0-511-48088-1 010 $a0-511-47623-X 010 $a0-511-57580-7 010 $a0-511-47921-2 035 $a(CKB)1000000000702625 035 $a(EBL)412750 035 $a(OCoLC)437089896 035 $a(SSID)ssj0000125587 035 $a(PQKBManifestationID)11143587 035 $a(PQKBTitleCode)TC0000125587 035 $a(PQKBWorkID)10027998 035 $a(PQKB)10654683 035 $a(UkCbUP)CR9780511575808 035 $a(MiAaPQ)EBC412750 035 $a(Au-PeEL)EBL412750 035 $a(CaPaEBR)ebr10277528 035 $a(CaONFJC)MIL200172 035 $a(EXLCZ)991000000000702625 100 $a20090522d2009|||| uy| 0 101 0 $aeng 135 $aur||||||||||| 181 $ctxt$2rdacontent 182 $cc$2rdamedia 183 $acr$2rdacarrier 200 10$aCommon neuro-ophthalmic pitfalls $ecase-based teaching /$fValerie A. Purvin, Aki Kawasaki$b[electronic resource] 210 1$aCambridge :$cCambridge University Press,$d2009. 215 $a1 online resource (xi, 221 pages) $cdigital, PDF file(s) 300 $aTitle from publisher's bibliographic system (viewed on 05 Oct 2015). 311 $a0-521-71326-9 320 $aIncludes bibliographical references and index. 327 $aWhen ocular disease is mistaken for neurologic disease -- When orbital disease is mistaken for neurologic disease -- Mistaking congenital anomalies for acquired disease -- Radiographic errors -- Incidental findings (seeing but not believing) -- Failure of pattern recognition -- Clinical findings that are subtle -- Misinterpretation of visual fields -- Neuro-ophthalmic look-alikes -- Over-reliance on negative test results -- Over-ordering tests -- Management misadventures. 330 $aUsing real-life cases describing patients with neuro-ophthalmic disorders, this book is a case-based teaching tool that bridges the gap between textbook information and everyday clinical practice. Each case illustrates a particular area of frequent diagnostic confusion, and highlights the specific clinical features that should point to the correct diagnosis. Focusing on errors in this way serves as motivation to the clinician to master the material so that 'pitfalls' can be avoided. The level of the case discussions assumes that the reader has some familiarity with basic neuroanatomy, physiology and disease process but each case discussion furnishes a brief review of such information, always with an emphasis on those features that are clinically relevant. The case-histories are succinct and amply illustrated, including motility and fundus photographs, visual fields and radiographic studies. The narrative is moved along with questions to the reader, making it easy to follow the logic of the cases. 606 $aNeuroophthalmology$vCase studies 615 0$aNeuroophthalmology 676 $a617.7/32 700 $aPurvin$b Valerie A.$f1948-$01029071 702 $aKawasaki$b Aki 801 0$bUkCbUP 801 1$bUkCbUP 906 $aBOOK 912 $a9910454620403321 996 $aCommon neuro-ophthalmic pitfalls$92445316 997 $aUNINA LEADER 01067nam a22002651i 4500 001 991001419399707536 005 20030321202408.0 008 021230s1989 it |||||||||||||||||ita 035 $ab12144472-39ule_inst 035 $aARCHE-023427$9ExL 040 $aDip.to Filologia Ling. e Lett.$bita$cA.t.i. Arché s.c.r.l. Pandora Sicilia s.r.l. 082 04$a945.73 100 1 $aPetraccone, Claudia$033371 245 10$aNapoli nel 1799 :$brivoluzione e proprieta : una ricerca su borghesia e nobilta nel Mezzogiorno d'Italia /$cClaudia Petraccone 260 $aNapoli :$bMorano,$c1989 300 $a359 p. ;$c21 cm 440 0$aCollana di storia ;$v2 650 4$aProprietà fondiaria$xRegno di Napoli. 1266-1815 650 4$aRepubblica partenopea. 1799 907 $a.b12144472$b02-04-14$c01-04-03 912 $a991001419399707536 945 $aLE008 FL.M. VIII B 54$g1$i2008000319748$lle008$o-$pE0.00$q-$rl$s- $t0$u1$v0$w1$x0$y.i1247082x$z01-04-03 996 $aNapoli nel 1799$9149149 997 $aUNISALENTO 998 $ale008$b01-04-03$cm$da $e-$fita$git $h0$i1 LEADER 07368oam 2201285 c 450 001 9910265131903321 005 20260302090207.0 010 $a9783839437124 010 $a3839437121 024 7 $a10.14361/9783839437124 035 $a(CKB)3710000001041882 035 $a(MiAaPQ)EBC4819189 035 $a(DE-B1597)477814 035 $a(OCoLC)1002243378 035 $a(OCoLC)1004875314 035 $a(OCoLC)1011468800 035 $a(OCoLC)978563888 035 $a(OCoLC)979956908 035 $a(OCoLC)999369242 035 $a(DE-B1597)9783839437124 035 $a(MiAaPQ)EBC6695115 035 $a(Au-PeEL)EBL6695115 035 $a(ScCtBLL)843facff-9be2-45b6-aa39-c8934f5b92fe 035 $a(transcript Verlag)9783839437124 035 $a(oapen)https://directory.doabooks.org/handle/20.500.12854/29248 035 $a(Perlego)1463164 035 $a(oapen)doab29248 035 $a(EXLCZ)993710000001041882 100 $a20260302d2017 uy 0 101 0 $ager 135 $aurcnu|||||||| 181 $2rdacontent 182 $2rdamedia 183 $2rdacarrier 200 10$aRechtspopulismus und Hegemonie$eDer Aufstieg der SVP und die diskursive Transformation der politischen Schweiz$fMarius Hildebrand 205 $a1st ed. 210 $aBielefeld$ctranscript Verlag$d2017 215 $a1 online resource (399 pages) 225 0 $aKultur und Kollektiv 300 $aThis study shines a new light on the rise of the Swiss People's Party that goes beyond the customary populism analyses centred around socio-structural issues and ideology critiques. 311 08$a9783837637120 311 08$a3837637123 320 $aIncludes bibliographical references. 327 $aFrontmatter 1 Editorial 2 Inhalt 5 Prolog: Der Anti-Populismus-Reflex oder die wissenschaftliche Konstitution eines ungeliebten Forschungsgegenstandes 11 Einleitung 19 1. Das ,Volk' als imagina?re und reale Identita?t 47 2. Populismusforschung als Parteienforschung: der Gelegenheitsstrukturansatz 51 3. Konzeptuelle Vorbemerkungen: Identita?t und Hegemonie 63 4. Antagonistische Ordnungen. Ernesto Laclaus und Chantal Mouffes poststrukturalistische Diskurstheorie des Sozialen 73 5. Populismus als politisches Pha?nom en par excellen c e 115 6. Fu?r eine Hegemonieanalyse rechtspopulistischer Diskurse 127 1. Operationalisierung und Untersuchungsmaterial 137 1. No Country for Populist Leaders? 151 2. Blochers ,Neue Mitte' und die Radikalisierung des Zu?rcher Flu?gels: Von der klientelistischen Bauern- und Gewerbepartei zur neukonservativen Catch-All-Partei 167 3. Zwischenbilanz und Vorausblick: Von der subkulturellen Enklave zum nationalpopularen politischen Projekt 193 4. Der populare Bruch: Der Konflikt um die europa?ische Integration und die Konstruktion eines nationalpopularen Neoliberalismus 197 5. Die Heydays des SVP-Populismus und die rechtspopulistische Hegemonisierung des nationalpopularen Imagina?ren 241 6. Gegenhegemonien: Swissness oder Sonderfall. Post-politische Restauration der multikulturellen Schweiz oder linkspopulistische Gegenhegemonie 285 7. ,Blocherismus' 291 8. Der Minarett-Streit. Der SVP-Populismus zwischen Zersplitterung und Hegemonisierung des demokratischen Imagina?ren 311 1. Die Kontinuita?t des SVP-Populismus und die Externalisierung innerer Grenzen 337 2. Popular-demokratischer oder autorita?rer Populismus. Das ethische Moment der politischen Ontologie und die Grenzen d es Formalismus 347 Bibliographie 353 Danksagung 397 330 $aDie Schweizerische Volkspartei ist binnen 25 Jahren von einer braven Klientelpartei zum politischen Taktgeber avanciert. Sie ist nicht nur die stärkste politische Kraft des Landes, sondern auch ein Vorbild des europäischen Rechtspopulismus.Marius Hildebrand beleuchtet die Karriere der SVP mithilfe der formalen Populismustheorie Ernesto Laclaus. Im Unterschied zu sozialstrukturellen und ideologiekritischen Analysen, die den Populismus als Anomalie perspektivieren, wird er hier als Effekt einer diskursiven Transformation der politischen Schweiz betrachtet. 330 1 $a»Das Buch [bietet] einen überzeugenden Überblick über die populistische Erfolgsgeschichte SVP und vertritt selbstbewusst die These, dass einfache Versuche der dauerhaften Ausgrenzung solcher politischen Bewegungen erstens wahrscheinlich wirkungslos sind und zweitens nicht unbedingt zur Stärkung der Demokratie beitragen.« 330 1 $a»Eine interessante Ergänzung zu den meisten Arbeiten zum Populismus, indem es [das Buch] jene ?Willens- und Identitätsbildungsprozesse, die Populismusforscher/innen in der Regel voraussetzen, untersucht. Während Letztere jeweils lediglich kurz darauf verweisen, dass die Termini ?Volk? und ?Elite? ganz unterschiedliche Bedeutungen haben können, zeigt dieses Buch detailliert anhand der Schweizerischen Volkspartei auf, wie diese beiden Begriffe und der für den Populismus zentrale Antagonismus zwischen ihnen diskursiv konstruiert werden.« 330 1 $a»Eine exzellente Analyse des Aufstiegs der Schweizer Volkspartei zu einer der stärksten politischen Kräfte des Landes.« 410 0$aKultur und Kollektiv ;$vBand 4. 517 2 $aHildebrand, Rechtspopulismus und Hegemonie$eDer Aufstieg der SVP und die diskursive Transformation der politischen Schweiz 606 $aPopulismus 606 $aPopulism 606 $aSVP 606 $aSchweiz 606 $aSwitzerland 606 $aHegemonie 606 $aHegemony 606 $aErnesto Laclau 606 $aRechtspopulismus 606 $aRight-wing-populism 606 $aPopulismustheorie 606 $aTheory of Populism 606 $aDiskursive Transformation 606 $aDiscursive Transformation 606 $aKulturrassismus 606 $aCultural Racism 606 $aPolitik 606 $aPolitics 606 $aPolitische Parteien 606 $aPolitical Parties 606 $aPolitische Soziologie 606 $aPolitical Sociology 606 $aPolitische Ideologien 606 $aPolitical Ideologies 606 $aPolitikwissenschaft 606 $aPolitical Science 615 4$aPopulismus 615 4$aPopulism 615 4$aSVP 615 4$aSchweiz 615 4$aSwitzerland 615 4$aHegemonie 615 4$aHegemony 615 4$aErnesto Laclau 615 4$aRechtspopulismus 615 4$aRight-wing-populism 615 4$aPopulismustheorie 615 4$aTheory of Populism 615 4$aDiskursive Transformation 615 4$aDiscursive Transformation 615 4$aKulturrassismus 615 4$aCultural Racism 615 4$aPolitik 615 4$aPolitics 615 4$aPolitische Parteien 615 4$aPolitical Parties 615 4$aPolitische Soziologie 615 4$aPolitical Sociology 615 4$aPolitische Ideologien 615 4$aPolitical Ideologies 615 4$aPolitikwissenschaft 615 4$aPolitical Science 676 $a303.4840943 700 $aHildebrand$b Marius$p
Marius Hildebrand, Universität Hamburg, Deutschland
$4aut$0916881 801 0$bDE-B1597 801 1$bDE-B1597 906 $aBOOK 912 $a9910265131903321 996 $aRechtspopulismus und Hegemonie$92055502 997 $aUNINA